Research methodology (Record no. 144967)

MARC details
000 -LEADER
fixed length control field 00383nam a2200157Ia 4500
008 - FIXED-LENGTH DATA ELEMENTS--GENERAL INFORMATION
fixed length control field 230917s9999||||xx |||||||||||||| ||und||
040 ## - CATALOGING SOURCE
-- 122378
Original cataloging agency VIVEKANANDA LIBRARY
041 ## - Language
-- English
082 ## - DDC NUMBER
Classification number 300.72 B469R
100 ## - MAIN ENTRY--PERSONAL NAME
Personal name Bhattacharyya, Dipak Kumar
245 #0 - TITLE STATEMENT
Title Research methodology
250 ## - EDITION STATEMENT
Edition statement 2nd ed.
260 ## - PUBLICATION, DISTRIBUTION, ETC. (IMPRINT)
Place of publication, distribution, etc New Delhi
Name of publisher, distributor, etc Excel Books
Date of publication, distribution, etc 2006
300 ## - PHYSICAL DESCRIPTION
Pages 399 p.
942 ## - ADDED ENTRY ELEMENTS (KOHA)
Koha item type Books
Holdings
Withdrawn status Lost status Damaged status Not for loan Location (home branch) Sublocation or collection (holding branch) Shelving location Date acquired Koha issues (times borrowed) Koha full call number Accession No. Koha date last seen Koha item type
        VIVEKANANDA LIBRARY VIVEKANANDA LIBRARY IMSAR Library 20/02/2010   300.72 B469R 258558 17/09/2023 Books
        VIVEKANANDA LIBRARY VIVEKANANDA LIBRARY   20/02/2010   300.72 B469R 259867 17/09/2023 Books
        VIVEKANANDA LIBRARY VIVEKANANDA LIBRARY   20/02/2010   300.72 B469R 259868 17/09/2023 Books
        VIVEKANANDA LIBRARY VIVEKANANDA LIBRARY   20/02/2010 1 300.72 B469R 271682 24/06/2024 Books
        VIVEKANANDA LIBRARY VIVEKANANDA LIBRARY   20/02/2010   300.72 B469R 271683 17/09/2023 Books
        VIVEKANANDA LIBRARY VIVEKANANDA LIBRARY IHTM Library 20/02/2010 1 300.72 B469R 277387 14/10/2023 Books
© Designed and Maintained by Vivekananda Library, MDU Rohtak